| 000 | 00338nam a2200145Ia 4500 | ||
|---|---|---|---|
| 008 | 230917s9999||||xx |||||||||||||| ||und|| | ||
| 040 |
_e102276 _aMAIN |
||
| 041 | _aEnglish | ||
| 082 | _a658.8 C855M | ||
| 100 | _aCravens, David W | ||
| 245 | 0 | _aMarketing management | |
| 260 |
_aDelhi _bAITBS _c2002 |
||
| 300 | _a714 p. | ||
| 942 | _cBK | ||
| 999 |
_c110510 _d110510 |
||